000 00837nmc a2200277 a 4500
003 AR-BaBNM
005 20251128204240.0
008 075019s1983 ||||||||||||||000 | spa||
020 _a968-7157-07-0
040 _cAR-BaBNM
100 1 _aFrostig, Marianne
245 1 0 _aFiguras y formas
_bnivel adelantado
250 _aed. rev.
260 _aMéxico, D.F.
_bEditorial Médica Panamericana
_c1983
300 _a128 p.
_bil.
490 0 _aPrograma para el Desarrollo de la Percepción Visual: aprestamiento preescolar corporal, objetal y gráfico
650 4 _aPERCEPCION VISUAL
650 4 _aCOORDINACION SENSOMOTRIZ
650 4 _aESTIMULOS VISUALES
650 4 _aRECONOCIMIENTO DE FORMAS
650 4 _aDESARROLLO DE DESTREZAS
653 _aEDUCACION INICIAL
653 _aAPRESTAMIENTO
942 _cBK
998 _cMarce
999 _c6706
_d6706